Pink! : la cucina in rosa /
I tiakina i:
| Kaituhi matua: | |
|---|---|
| Ētahi atu kaituhi: | , |
| Hōputu: | Pukapuka |
| Reo: | Itāriana |
| I whakaputaina: |
Milano ; Parma :
Leonardo,
[2007]
|
| Ngā marau: | |
| Ngā Tūtohu: |
Kāore He Tūtohu, Me noho koe te mea tuatahi ki te tūtohu i tēnei pūkete!
|
MARC
| LEADER | 00000nam a22000007i 4500 | ||
|---|---|---|---|
| 001 | IT\ICCU\UBO\3650531 | ||
| 003 | ItRI | ||
| 005 | 20260115232125.0 | ||
| 008 | 090615s2007 it |||||| ||||| |||||c | ||
| 020 | |a 9788862840163 | ||
| 040 | |b ita |c importazione bologna sebina | ||
| 041 | 7 | |a ita |2 ISO-639-2 | |
| 082 | |a 641.5 |9 CUCINA |2 19 | ||
| 100 | 1 | |a Norman, Peter, |d (1963- ) |0 IT\ICCU\CFIV\259046 |4 aut | |
| 240 | 1 | 0 | |a Pink! : den rosa kokboken. |3 IT\ICCU\UBO\3650544 |9 Norman, Peter <1963- > |
| 245 | 1 | 0 | |a Pink! : |b la cucina in rosa / |c Peter Norman ; fotografie Mikael Strinnhed ; testi Marie-Louise Marc. |
| 260 | |a Milano ; |a Parma : |b Leonardo, |c [2007] | ||
| 300 | |a 255 p. : |b ill. ; |c 28 cm. | ||
| 650 | 7 | |a Culinaria |x Ricette | |
| 700 | 1 | |a Marc, Marie-Louise |0 IT\ICCU\UBOV\343447 | |
| 700 | 1 | |a Strinnhed, Mikael |0 IT\ICCU\UBOV\343446 | |
| 942 | |2 ddc |c BK |n 0 | ||
| 952 | |0 0 |1 0 |4 0 |6 DOC_641_013000000000000_NOR |7 0 |9 20466 |a BO |b BO |d 2026-01-15 |i 12834 |l 0 |o DOC 641.013 NOR |p BO12834 |r 2026-01-15 23:21:25 |w 2026-01-15 |x [Sebina 7] [1 v.] |y BK |z 1 v, | ||
| 999 | |c 17468 |d 17468 | ||